| 000 | 00524nam a2200145Ia 4500 | ||
|---|---|---|---|
| 008 | 150610s9999 xx 000 0 und d | ||
| 020 | _a345339681 | ||
| 050 |
_aPR6039 _b.O32 .T649 1996 |
||
| 100 | _aTolkien, John Ronald Reuel, 1892-1973 | ||
| 245 | 4 |
_aThe Hobbit, or, there and back again / _cby J.R.R. Tolkien. |
|
| 260 |
_aBoston : _bHoughton Mifflin, _c1996. |
||
| 300 |
_a306pages ; _c18 cm. |
||
| 504 | _a"The enchanting prelude to The Lord of the Rings"--Cover. | ||
| 650 |
_aMiddle earth (Imaginary place) _xFiction. |
||
| 999 |
_c287833 _d287833 |
||